Cantar de Mio Cid / (Registro nro. 10616)
[ vista simple ]
| 000 -LIDER | |
|---|---|
| fixed length control field | 00842cam a2200301 i 4500 |
| 001 - NÚMERO DE CONTROL | |
| Identificador de número de control | 0000456 |
| 003 - IDENTIFICACDOR DE NÚMERO DE CONTROL | |
| control field | DO-SdBNP |
| 005 - DATE AND TIME OF LATEST TRANSACTION | |
| control field | 20240228105758.0 |
| 007 - CAMPOS FIJOS DE DESCRIPCIÓN FÍSICA | |
| fixed length control field | 0000456 |
| 008 - ELEMENTOS DE LONGITUD FIJA | |
| fixed length control field | 100514s 2010 pe|| 000 f spa |
| 015 ## - NÚMERO DENTRO DE LA BIBLIOGRAFÍA NACIONAL | |
| National bibliography number | |
| 017 ## - NÚMERO DE REGISTRO DE DERECHOS DE AUTOR | |
| Copyright or legal deposit number | |
| Assigning agency | |
| 020 ## - ISBN | |
| International Standard Book Number | 9786124063480 |
| 035 ## - NÚMERO LOCAL | |
| System control number | |
| 040 ## - FUENTE DE CATALOGACIÓN | |
| Agencia que crea de manera original el registro | BPMSU |
| Idioma de catalogación | spa |
| Agencia que realiza la transcripción | BPMSU |
| Convenciones de la despripción | |
| 080 ## - NÚMERO DE CLASIFICACIÓN DECIMAL UNIVERSAL | |
| Universal Decimal Classification number | |
| 082 #4 - NÚMERO DE CLASIFICACIÓN DECIMAL DE DEWEY | |
| Classification number | 861.12 |
| Item number | C229m 2010 |
| Edition number | 22 |
| 100 1# - ASIENTO PRINCIPAL -- NOMBRE PERSONAL | |
| Nombre personal | Jara Morales, Gerson |
| 245 10 - MENCIÓN DE TITULO | |
| Título | Cantar de Mio Cid / |
| Mención de responsabilidad | anónimo; adaptación e ilustrasión Gerson Jara Morales |
| 260 ## - PUBLICACIÓN, DISTRIBUCIÓN, ETC. (PIE DE IMPRENTA) | |
| Lugar de publicación, distribución, etc | Lima, Perú : |
| Nombre del editor, distribuidor, etc. | Editorial Educativa, |
| Fecha de publicación, distribución, etc | 2010 |
| 300 ## - DESCRIPCIÓN FÍSICA | |
| Extensión | 92 p.: |
| Dimensiones | 20 cm |
| 490 #0 - MENCIÓN DE SERIES | |
| Mención de serie | Plan lector |
| 590 ## - NOTA LOCAL | |
| Texto de la nota local | Inventariado, 2024/VM |
| 630 #4 - ENCABEZAMIENTO DE MATERIA--TITULO UNIFORME | |
| Título uniforme | Cantar de Mio Cid |
| Subdivisión temática general | Crítica e interpretación. |
| 650 #4 - ENCABEZAMIENTO DE MATERIA--TEMÁTICO | |
| Término temático o nombre geográfico como elemento de entrada | Poesías épicas españolas |
| 910 ## - VALIDACIÓN | |
| Validación | VMateo V. Control de calidad.BPMSU |
| 942 ## - ADDED ENTRY ELEMENTS (KOHA) | |
| Source of classification or shelving scheme | Dewey Decimal Classification |
| Koha item type | Libros |
| Withdrawn status | Lost status | Source of classification or shelving scheme | Damaged status | Not for loan | Collection code | Home library | Current library | Date acquired | Source of acquisition | Total Checkouts | Full call number | Barcode | Date last seen | Price effective from | Koha item type | Copy number |
|---|---|---|---|---|---|---|---|---|---|---|---|---|---|---|---|---|
| Dewey Decimal Classification | Colección Juvenil General | Biblioteca Pública Metropolitana Salomé Ureña | Biblioteca Pública Metropolitana Salomé Ureña | 06/27/2016 | Alfaguara | BPMSU CJG 861.12 C229m 2010 | BPMSU16060653 | 06/27/2016 | 06/27/2016 | Libros | ||||||
| Dewey Decimal Classification | Colección Juvenil General | Biblioteca Pública Metropolitana Salomé Ureña | Biblioteca Pública Metropolitana Salomé Ureña | 06/27/2016 | Alfaguara | BPMSU CJG 861.12 C229m 2010 | BPMSU16060654 | 06/27/2016 | 06/27/2016 | Libros | e.2 | |||||
| Dewey Decimal Classification | Colección Juvenil General | Biblioteca Pública Metropolitana Salomé Ureña | Biblioteca Pública Metropolitana Salomé Ureña | 06/27/2016 | Alfaguara | BPMSU CD 861.12 C229m 2010 | BPMSU16060655 | 06/27/2016 | 06/27/2016 | Libros | e.3 |